ISIS fighter's country origin - Statistics

General Stats
  • This quiz has been taken 186 times
  • The average score is 9 of 14
Answer Stats
Number of fighters Country % Correct
2500 Saudi Arabia
82%
500 Pakistan
75%
1400 Turkey
75%
2000 France
72%
2400 Russia
71%
900 Lebanon
68%
600 Libya
68%
700 Germany
66%
2000 Jordan
61%
5000 Tunisia
61%
1500 Morocco
59%
500 Indonesia
52%
500 Uzbekistan
38%
600 United Kingdom
10%
No matching quizzes found
Score Distribution
Percent of People with Each Score
Percentile by Number Answered
Your Score History
You have not taken this quiz